<?xml version="1.0" encoding="UTF-8"?>
<record
    xmlns:xsi="http://www.w3.org/2001/XMLSchema-instance"
    xsi:schemaLocation="http://www.loc.gov/MARC21/slim http://www.loc.gov/standards/marcxml/schema/MARC21slim.xsd"
    xmlns="http://www.loc.gov/MARC21/slim">

  <leader>02289    a2200229   4500</leader>
  <controlfield tag="001">54376</controlfield>
  <controlfield tag="005">20260407155816.0</controlfield>
  <controlfield tag="008">260407a1958    arg                 spa d</controlfield>
  <controlfield tag="003">AR-UNSa-BCEJYS</controlfield>
  <datafield tag="040" ind1=" " ind2=" ">
    <subfield code="a">AR-UNSa-BCEJYS</subfield>
    <subfield code="b">spa</subfield>
    <subfield code="c">AR-UNSa-BCEJYS</subfield>
  </datafield>
  <datafield tag="080" ind1=" " ind2=" ">
    <subfield code="a">351</subfield>
    <subfield code="x">Funciones propias de la administraci&#xF3;n p&#xFA;blica 
</subfield>
  </datafield>
  <datafield tag="245" ind1="1" ind2="0">
    <subfield code="a">Principios de hacienda p&#xFA;blica</subfield>
  </datafield>
  <datafield tag="250" ind1=" " ind2=" ">
    <subfield code="a">5a.ed.</subfield>
  </datafield>
  <datafield tag="264" ind1=" " ind2="1">
    <subfield code="a">Madrid :</subfield>
    <subfield code="b">Aguilar</subfield>
    <subfield code="c">1958</subfield>
  </datafield>
  <datafield tag="300" ind1=" " ind2=" ">
    <subfield code="a">504 p.</subfield>
    <subfield code="c">22 cm.</subfield>
  </datafield>
  <datafield tag="505" ind1=" " ind2=" ">
    <subfield code="a">Primera parte: Los ingresos no derivados del impuesto - I. De los precios cuasi-privados - II. De los precios p&#xFA;blicos - III. Los precios pol&#xED;ticos - IV. Las contribuciones - Segunda parte: Teor&#xED;a general del impuesto - I. El problema de la repartici&#xF3;n de los gastos p&#xFA;blicos indivisibles.Caracter&#xED;sticas de los servicios p&#xFA;blicos propios o t&#xE9;cnicos,econ&#xF3;micos y pol&#xED;ticos - II. Dificultad de la repartici&#xF3;n del coste de los servicios p&#xFA;blicos por medio del impuesto - III. Los principios del sacrificio igual,proporcional y m&#xED;nimo en la repartici&#xF3;n del impuesto - IV. Principales tipos hist&#xF3;ricos de repartici&#xF3;n de los impuestos - V. El sistema de distribuci&#xF3;n real de los impuestos - VI. El sistema de distribuci&#xF3;n nacional de los impuestos - VII. La reducci&#xF3;n del objeto imponible a unidades homog&#xE9;neas - VIII. Imposici&#xF3;n de las superrentas y de las rentas ordinarias - IX. La exenci&#xF3;n de las primas de seguros sobre la vida y la de las reservas - X. La imposici&#xF3;n sobre el consumo - XI. Efectos de los impuestos - XII. La determinaci&#xF3;n de la materia imponible - Tercera parte: La hacienda extraordinaria y la deuda p&#xFA;blica - I. Gastos e ingresos extraordinarios de los entes p&#xFA;blicos - II. Excedentes,econom&#xED;as,tesoros de guerra y enajenaciones patrimoniales - III. Impuestos estraordinarios y deuda p&#xFA;blica - IV. Las formas provisionales de la deuda p&#xFA;blica - V. Las formas permanentes de deuda p&#xFA;blica - VI. De algunos problemas especiales de los empr&#xE9;stitos p&#xFA;blicos - VII. La amortizaci&#xF3;n de los empr&#xE9;stitos p&#xFA;blicos - VIII. Del repudio de los empr&#xE9;stitos p&#xFA;blicos - IX. De la conversi&#xF3;n de los empr&#xE9;stitos p&#xFA;blicos </subfield>
  </datafield>
  <datafield tag="942" ind1=" " ind2=" ">
    <subfield code="c">BK</subfield>
  </datafield>
  <datafield tag="590" ind1=" " ind2=" ">
    <subfield code="a">niveau_biblio:m niveau_hierar:0</subfield>
  </datafield>
  <datafield tag="100" ind1="1" ind2=" ">
    <subfield code="a">Einaudi, Luigi</subfield>
  </datafield>
  <datafield tag="700" ind1="1" ind2=" ">
    <subfield code="a">Algarra, Jaime</subfield>
  </datafield>
  <datafield tag="700" ind1="1" ind2=" ">
    <subfield code="a">Paredes, Miguel</subfield>
  </datafield>
  <datafield tag="999" ind1=" " ind2=" ">
    <subfield code="c">5536</subfield>
    <subfield code="d">5536</subfield>
  </datafield>
  <datafield tag="952" ind1=" " ind2=" ">
    <subfield code="0">0</subfield>
    <subfield code="1">0</subfield>
    <subfield code="4">0</subfield>
    <subfield code="7">0</subfield>
    <subfield code="a">BCEJYS</subfield>
    <subfield code="b">BCEJYS</subfield>
    <subfield code="c">16</subfield>
    <subfield code="d">2026-04-07</subfield>
    <subfield code="l">0</subfield>
    <subfield code="o">351 E35</subfield>
    <subfield code="p">L20212</subfield>
    <subfield code="r">2026-04-07 15:58:16</subfield>
    <subfield code="w">2026-04-07</subfield>
    <subfield code="y">L</subfield>
  </datafield>
  <datafield tag="952" ind1=" " ind2=" ">
    <subfield code="0">0</subfield>
    <subfield code="1">0</subfield>
    <subfield code="4">0</subfield>
    <subfield code="7">0</subfield>
    <subfield code="a">BCEJYS</subfield>
    <subfield code="b">BCEJYS</subfield>
    <subfield code="c">16</subfield>
    <subfield code="d">2026-04-07</subfield>
    <subfield code="l">0</subfield>
    <subfield code="o">351 E35</subfield>
    <subfield code="p">L20059</subfield>
    <subfield code="r">2026-04-07 15:58:16</subfield>
    <subfield code="w">2026-04-07</subfield>
    <subfield code="y">L</subfield>
  </datafield>
</record>
